« Retourner aux résultats de recherche
Tout sur les règles !
| Auteur principal: | Anna Roy |
|---|---|
| D'autres auteurs: | Mademoiselle Caroline |
| Support: | Livres |
| Langue: | Francais |
| Publié: |
DL 2021 Flammarion jeunesse Paris |
| Genre: |
Documentaire jeunesse |
| Sujets: | |
| Étiquettes: |
Ajouter
Pas de Tags !
|
| LEADER | 00695nam0a2200217 450 | ||
|---|---|---|---|
| 001 | 16843495 | ||
| 010 | |a 978-2-08-023729-3 |b rel. |d 12 | ||
| 100 | |a 20210928d2026 u u0frey01 ba | ||
| 101 | 0 | |a fre | |
| 102 | |a FR | ||
| 200 | 0 | |a Tout sur les règles ! |f Anna Roy, Mademoiselle Caroline | |
| 207 | 1 | |a | |
| 210 | |a Paris |c Flammarion jeunesse |d DL 2021 | ||
| 215 | |a 1 vol. (92 p.) |c ill. en coul. |d 23 cm | ||
| 608 | |a Menstruation | ||
| 676 | |a 612 | ||
| 700 | 0 | |a Roy |b Anna |4 70 | |
| 702 | 0 | |a Mademoiselle Caroline |f 1974-.... |4 440 | |
| 900 | |a Documentaire jeunesse | ||
| 901 | |a Accessible au prêt | ||
| 995 | |a Bibliothèque |c Bibliothèque |f 024023915 |h 024023915 |k E 612 ROY |o p |q j |r az |e Bibliothèque | ||
